Dalits and tribes of India / (Record no. 39098)

MARC details
000 -LEADER
fixed length control field 00720nam a22002177a 4500
005 - DATE AND TIME OF LATEST TRANSACTION
control field 20100804104059.0
010 ## - LCCN (DPL NO)
LC control number ENG-98061
020 ## - INTERNATIONAL STANDARD BOOK NUMBER
International Standard Book Number 8183243487
Terms of availability 650.00
035 ## - SYSTEM CONTROL NUMBER
System control number EN-81594
037 ## - SOURCE OF ACQUISITION
Source of stock number/acquisition DBAD/PUB
082 ## - DEWEY DECIMAL CLASSIFICATION NUMBER
Classification number 307.772954
245 ## - TITLE STATEMENT
Title Dalits and tribes of India /
Statement of responsibility, etc edited by J Cyril Kanmony
260 ## - PUBLICATION, DISTRIBUTION, ETC. (IMPRINT)
Place of publication, distribution, etc New Delhi
Name of publisher, distributor, etc Mittal Publications
Date of publication, distribution, etc 2010
270 ## - ADDRESS
Address 4594/9 Daryaganj
City New Delhi
Postal code 110002
300 ## - PHYSICAL DESCRIPTION
Extent xix,240p
Dimensions 21cm(Hb)
500 ## - GENERAL NOTE
General note Includes index
700 ## - ADDED ENTRY--PERSONAL NAME
Personal name Kanmony,J Cyril
9 (RLIN) 5671
700 ## - ADDED ENTRY--PERSONAL NAME
9 (RLIN) 5672
942 ## - ADDED ENTRY ELEMENTS (KOHA)
Source of classification or shelving scheme Dewey Decimal Classification
Item type English Books
Classification part 307772954
Call number suffix DAL
Holdings
Withdrawn status Lost status Not for loan Collection code Home library Current library Date acquired Source of acquisition Cost, normal purchase price Full call number Barcode Copy number Cost, replacement price Koha item type
    Not For Loan Non-fiction D.B.Act.Division D.B.Act.Division 04/08/2010 d 650.00 307772954 DAL EN-81594 1 650.00 English Books

© Delhi Public Library
Hit Counter
free hit counter